Κατάλογος Βιβλιοθηκών Mediterranean College

Ψυχοθεραπεία και Υπαρξισμός / Λογοθεραπεία στην Πράξη (Record no. 2247)

MARC details
000 -LEADER
fixed length control field 01552cam a22001934a 4500
005 - ΗΜΕΡΟΜΗΝΙΑ ΚΑΙ ΩΡΑ ΤΕΛΕΥΤΑΙΑΣ ΕΝΗΜΕΡΩΣΗΣ
Πεδίο ελέγχου 20250605164035.0
008 - FIXED-LENGTH DATA ELEMENTS--GENERAL INFORMATION
Πεδίο ελέγχου σταθερού μήκους 250528s ||||||||||||||||||||||||d
035 ## - SYSTEM CONTROL NUMBER
System control number 16782
040 ## - ΠΗΓΗ ΚΑΤΑΛΟΓΟΓΡΑΦΗΣΗΣ
Φορέας πρωτότυπης καταλογογράφησης MC Athens Campus Library
Γλώσσα καταλογογράφησης Ελληνικά, Μοντέρνα (1453-)
Modifying agency MC Athens Campus Library
Κανόνες περιγραφικής καταλογογράφησης AACR2
245 1# - ΤΙΤΛΟΣ ΚΑΙ ΔΗΛΩΣΗ ΥΠΕΥΘΥΝΟΤΗΤΑΣ
Τίτλος Ψυχοθεραπεία και Υπαρξισμός / Λογοθεραπεία στην Πράξη
250 ## - EDITION STATEMENT
Edition statement
260 ## - PUBLICATION, DISTRIBUTION, ETC.
Name of publisher, distributor, etc. Ταμασός,
Date of publication, distribution, etc. 1987
300 ## - PHYSICAL DESCRIPTION
Extent 240
520 ## - SUMMARY, ETC.
Summary, etc. Πρόλογος, Οι Φιλοσοφικές Βάσεις της Λογοθεραπείας, Υπαρξιακή Δυναμική και Νευρωτική Φυγή, Πέρα από την Αυτο-Πραγμάτωση και την Αυτοέκφραση, Λογοθεραπεία και Ύπαρξη, Δυναμική και Αξίες, Η Ψυχιατρική και η Αναζήτηση του Ανθρώπου για Νόημα, Η Λογοθεραπεία και η Πρόκληση του Πόνου, Ομαδικές Ψυχοθεραπευτικές Εμπειρίες σ'ένα Στρατόπεδο Συγκέντρωσης, Συλλογικές Νευρώσεις της Εποχής μας, Υπαρξιακή Ανάλυση και Διαστακτική Οντολογία, Παράδοξη Πρόθεση: Μια Λογοθεραπευτική Τεχνική, Ψυχοθεραπεία και Τέχνη και Θρησκεία, Μια Πειραματική Μελέτη στον Υπαρξισμό, Ευρετήριο.
700 1# - ΠΡΟΣΘΕΤΗ ΑΝΑΓΡΑΦΗ--ΦΥΣΙΚΟ ΠΡΟΣΩΠΟ
Personal name Frankl Victor E
9 (RLIN) 2873
942 ## - ADDED ENTRY ELEMENTS (KOHA)
Koha item type Books
Holdings
Τύπος τεκμηρίου Βιβλιοθήκη Τρέχουσα τοποθεσία Barcode Αριθμός εισαγωγής Ημερομηνία απόκτησης Ταξιθετικό σύμβολο Αριθμός αντιτύπου Κατάσταση απόσυρσης Κατάσταση χαμένου Κατάσταση κατεστραμμένου Μη δανεισμός Σύνολο δανεισμών Ημερομηνία τελευταίας εμφάνισης Η τιμή ισχύει από
Books MC Athens Campus Library MC Athens Campus Library 9780000022462 5025 05/06/2025 157.96 FRA 1           05/06/2025 05/06/2025

MC Athens Campus Library
Πατησίων 94 & Κοδριγκτώνος 13, 104 34
Πελλήνης 8 & Πατησίων 107, 112 51
Τ: +30 210 8899600

MC Thessaloniki Campus Library
Ίωνος Δραγούμη 21, 54625 | Ίωνος Δραγούμη 15, 54625
Τ: +30 2310 287779 – Τ: +30 2314 440300